000 00659nam a2200229Ia 4500
001 3310
003 GE_BSU
008 181216s||||||||xx |||||||||||||| ||und||
040 _cGE_BSU
080 _a51(076.1)
100 _aМинорский,В.П.
245 _aСборник задач по высшей математике.
245 _bУчебник.
245 _cРед. С.М.Половинкин.
250 _aИзд десятое.
260 _aМ.
260 _bНаука.
260 _c1969.
300 _a352 стр. с илл. 20 см.
653 _aСборник задач по высшей математике.
942 _cBK
999 _c37351
_d37351